top 10 prenoms garcons 2005 - Statistiques

Statistiques générales
  • Ce quiz a été pris 172 fois
  • Le résultat moyen est 4 sur 10
Statistiques - réponses
Reponse % Correct
6 Theo
61%
3 Mathis
55%
8 Hugo
51%
7 Paul
48%
5 Thomas
48%
10 Alex
45%
1 Tom
45%
2 Martin
25%
4 Mamadou
6%
9 Vicor
1%
Aucun quiz correspondant
Distribution des résultats
% des personnes avec chaque résultat
Percentile par nombre de réponses
Votre historique - résultats
Vous n’avez pas pris ce quiz